Manual de buenas prácticas para la conservación de los bosques nativos /

Bibliographic Details
Main Author: Barchuk, Alicia H. (Author)
Format: Electronic eBook
Language:Spanish
Published: Córdoba : Editorial Brujas, [2019]
Subjects:
Online Access:Digitalia Hispánica

MARC

LEADER 00000nam a2200000Ii 4500
001 DIGBRUJ335
003 NyNyDIG
006 m o d
007 cr |||||||||||
008 211019s2019 ag a ob 000 0 spa d
035 |a (OCoLC)1282640419 
040 |a DGITA  |b eng  |e rda  |e pn  |c DGITA 
020 |a 9789877602401  |q eBook 
050 1 4 |a SD411 ebook 
082 0 4 |a 333.7516 
100 1 |a Barchuk, Alicia H.,  |e author. 
245 1 0 |a Manual de buenas prácticas para la conservación de los bosques nativos /  |c Alicia H. Barchuk. 
264 1 |a Córdoba :  |b Editorial Brujas,  |c [2019] 
300 |a 1 online resource :  |b illustrations. 
336 |a text  |b txt  |2 rdacontent 
337 |a computer  |b c  |2 rdamedia 
338 |a online resource  |b cr  |2 rdacarrier 
347 |a text file  |2 rdaft 
347 |b EPUB 
347 |b PDF 
504 |a Includes bibliographical references. 
588 0 |a Online resource; title from ePub title page (Digitalia, viewed October 19, 2021) 
650 0 |a Forest conservation. 
650 0 |a Forest protection. 
650 0 |a Environmental protection. 
655 0 |a Electronic books. 
791 2 |a Digitalia (Firm),  |e distributor. 
793 0 |g Digitalia eBook Collection:  |a Editorial Brujas 
856 4 0 |3 Digitalia Hispánica  |u https://www.digitaliapublishing.com/a/66372/ 
910 |a Premium collection: 2021